书目信息 |
| 题名: |
港深经济一体化
|
|
| 作者: | 国庆 主编 | |
| 分册: | ||
| 出版信息: | 北京 人民出版社 2005 |
|
| 页数: | 286 | |
| 开本: | 23cm | |
| 丛书名: | 深港经济合作与发展研究丛书 | |
| 单 册: | ||
| 中图分类: | F127.65 | |
| 科图分类: | ||
| 主题词: | 地区经济--经济--体化--研究--香港--深圳市 | |
| 电子资源: | ||
| ISBN: | 7-01-005240-9 | |
| 000 | 01199nam0 2200325 450 | |
| 000 | 01162nam0 2200313 450 | |
| 000 | 01132nam0 2200313 450 | |
| 000 | 01078nam0 2200289 450 | |
| 000 | 01074nam0 2200277 450 | |
| 000 | 01037nam0 2200265 45 | |
| 005 | 20070106100453.76 | |
| 010 | @a7-01-005240-9@dCNY33.00 | |
| 100 | @a20060829d2005 ekmy0chiy0120 ea | |
| 101 | 0 | @achi |
| 102 | @aCN@b110000 | |
| 105 | @ay z 000yy | |
| 200 | 1 | @a港深经济一体化@AGang Shen Jing Ji Yi Ti Hua@f国庆主编@FGuo Qing Zhu Bian |
| 210 | @a北京@c人民出版社@d2005 | |
| 215 | @a286@d23cm | |
| 225 | 2 | @a深港经济合作与发展研究丛书 |
| 320 | @a有书目 (第284-286页) | |
| 330 | @a本书将理论分析和实践分析相结合,从国际和国内政治、经济环境、政策和体制现状、当前两地经济发展现状、一体化潜力、一体化合作方式、一体化的影响等方面全面探讨了深港经济一体化问题。 | |
| 410 | 0 | @12001 @a深港经济合作与发展研究丛书 |
| 606 | 0 | @a地区经济@x经济@x体化@x研究@y香港@y深圳市 |
| 690 | @aF127.65@v4 | |
| 701 | 0 | @a国庆@AGuo Qing@4主编 |
| 801 | 0 | @aCN@b中图数据@c20070106 |
| 905 | @a10447@dF127.65@e86 | |
| 港深经济一体化/国庆主编.-北京:人民出版社,2005 |
| 286;23cm.-(深港经济合作与发展研究丛书) |
| ISBN 7-01-005240-9:CNY33.00 |
| 本书将理论分析和实践分析相结合,从国际和国内政治、经济环境、政策和体制现状、当前两地经济发展现状、一体化潜力、一体化合作方式、一体化的影响等方面全面探讨了深港经济一体化问题。 |
| ● |
| 相关链接 |
|
|
|
|
正题名:港深经济一体化
索取号:F127.65/86
 
预约/预借
| 序号 | 登录号 | 条形码 | 馆藏地/架位号 | 状态 | 备注 |
| 1 | 0604757 | 206047570 | 第一样本阅览室/ [索取号:F127.65/86] | 在馆 | |
| 2 | 0604758 | 206047589 | 第一借阅区/ [索取号:F127.65/86] | 在馆 | |
| 3 | 0604759 | 206047598 | 第一借阅区/ [索取号:F127.65/86] | 在馆 |